Not yet democracy : (Record no. 9153)
[ view plain ]
| 000 -LEADER | |
|---|---|
| fixed length control field | 01054cam a2200289 a 4500 |
| 001 - CONTROL NUMBER | |
| control field | 11772369 |
| 003 - CONTROL NUMBER IDENTIFIER | |
| control field | OSt |
| 005 - DATE AND TIME OF LATEST TRANSACTION | |
| control field | 20240710151643.0 |
| 008 - FIXED-LENGTH DATA ELEMENTS--GENERAL INFORMATION | |
| fixed length control field | 990803s1998 tz b 001 0 eng |
| 010 ## - LIBRARY OF CONGRESS CONTROL NUMBER | |
| LC control number | 99232985 |
| 020 ## - INTERNATIONAL STANDARD BOOK NUMBER | |
| International Standard Book Number | 9987626025 (Tanzania) |
| 020 ## - INTERNATIONAL STANDARD BOOK NUMBER | |
| International Standard Book Number | 1899825851 (UK) |
| 035 ## - SYSTEM CONTROL NUMBER | |
| System control number | (DLC) 99232985 |
| 040 ## - CATALOGING SOURCE | |
| Original cataloging agency | DLC |
| Transcribing agency | MUST |
| Modifying agency | DLC |
| 043 ## - GEOGRAPHIC AREA CODE | |
| Geographic area code | f-tz--- |
| 082 ## - DEWEY DECIMAL CLASSIFICATION NUMBER | |
| Classification number | 340 S31n 1998 |
| 100 1# - MAIN ENTRY--PERSONAL NAME | |
| Personal name | Shivji, Issa G. |
| 9 (RLIN) | 7474 |
| 245 10 - TITLE STATEMENT | |
| Title | Not yet democracy : |
| Remainder of title | reforming land tenure in Tanzania / |
| Statement of responsibility, etc. | Issa G. Shivji. |
| 260 ## - PUBLICATION, DISTRIBUTION, ETC. (IMPRINT) | |
| Place of publication, distribution, etc. | Dar es Salaam : |
| Name of publisher, distributor, etc. | IIED/HAKIARDHI/Faculty of Law, University of Dar es Salaam, |
| Date of publication, distribution, etc. | 1998. |
| 300 ## - PHYSICAL DESCRIPTION | |
| Extent | xii, 132 p. ; |
| Dimensions | 22 cm. |
| 504 ## - BIBLIOGRAPHY, ETC. NOTE | |
| Bibliography, etc | Includes bibliographical references (p. 119-124) and index. |
| 650 #0 - SUBJECT ADDED ENTRY--TOPICAL TERM | |
| Topical term or geographic name as entry element | Land reform |
| Geographic subdivision | Tanzania. |
| 9 (RLIN) | 18664 |
| 650 #0 - SUBJECT ADDED ENTRY--TOPICAL TERM | |
| Topical term or geographic name as entry element | Democracy |
| Geographic subdivision | Tanzania. |
| 9 (RLIN) | 18665 |
| 906 ## - LOCAL DATA ELEMENT F, LDF (RLIN) | |
| a | 7 |
| b | cbc |
| c | orignew |
| d | 3 |
| e | ncip |
| f | 19 |
| g | y-gencatlg |
| 942 ## - ADDED ENTRY ELEMENTS (KOHA) | |
| Source of classification or shelving scheme | Dewey Decimal Classification |
| Koha item type | Open Shelf |
| Withdrawn status | Lost status | Source of classification or shelving scheme | Damaged status | Not for loan | Home library | Current library | Date acquired | Source of acquisition | Inventory number | Total Checkouts | Full call number | Barcode | Date last seen | Price effective from | Koha item type |
|---|---|---|---|---|---|---|---|---|---|---|---|---|---|---|---|
| Dewey Decimal Classification | MUST Main Library | MUST Main Library | 10/07/2024 | Donation | 2001/16571 | 340 S31n 1998 | 2024-21921 | 10/07/2024 | 10/07/2024 | Open Shelf |
